|
|
|
|
| LEADER |
00769nam a22002412a 4500 |
| 001 |
000865415 |
| 003 |
CZ BrMZK |
| 005 |
20070912131444.0 |
| 007 |
ta |
| 008 |
070912s1984 xo er|||||||||||slo d |
| 040 |
|
|
|a ABA001
|b cze
|c ABA001
|d ABA001
|
| 041 |
1 |
|
|a slo
|h cze
|
| 100 |
1 |
|
|a Nejezchleb, Borek
|7 jk01082976
|4 aut
|
| 245 |
1 |
0 |
|a Minimum pionierskeho vedúceho /
|c Autori Borek Nejezchleb a kol. ; z čes. orig. ... prel. Mária Krkošková
|
| 250 |
|
|
|a 1. vyd.
|
| 260 |
|
|
|a Bratislava :
|b Smena,
|c 1984
|
| 300 |
|
|
|a 161 s. ;
|c 8°
|
| 490 |
1 |
|
|a Pionierska knižnica
|
| 765 |
0 |
|
|t Minimum
|
| 830 |
|
0 |
|a Pionierska knižnica
|
| 910 |
|
|
|a BOA001
|b 1-0884.322
|
| 990 |
|
|
|a BK
|
| 996 |
7 |
|
|b 2619593706
|c 1-0884.322
|l MZK
|r Sklad / do 1 hodiny
|n 0
|w 000865415
|u 000010
|a 1
|e BOA001
|j MZK50
|s A
|